Epson EMP-TWD3 potešenie z domáceho kina

Bibliographic Details
Main Author: Orgonáš, Jozef (Author)
Format: Article
Language:Slovak
PhysicalDescription:Fotogr.
ISSN:1335-0226
Subjects:

MARC

LEADER 00000nab a2200000 a 4500
001 vtls009313779
003 SK-MaSNL
005 20260304153748.0
008 250506c2007 xo |||||||||||000 b|slo
015 |a SNBRB2008/07  |2 snkbucl 
035 |a (uuid)97f75a89-a4a5-40da-bcb6-7ac90f0b705b 
035 |a urn:nbn:sk:snk-ab12uz 
035 |a (urnnbn)urn:nbn:sk:snk:ar-a05eqr 
038 |a SNKBUCL 
040 |a SNKBUCL  |b slo  |c SNKBUCL  |e AACR2 
041 0 |a slo 
044 |a xo  |c SK 
080 |a 621.397:681.775  |2 2001 
080 |a 681.775  |2 2001 
100 1 |a Orgonáš, Jozef  |4 aut  |9 197663 
245 1 0 |a Epson EMP-TWD3  |b potešenie z domáceho kina  |c Jozef Orgonáš 
300 |b Fotogr. 
650 0 7 |a Epson EMP-TWD3 (projektor)  |2 snkbucl  |9 1477620 
650 0 7 |a domáce kino  |2 snkbucl  |9 20238 
650 0 7 |a videoprojektory  |2 snkbucl  |9 1033321 
773 0 |t PC revue  |g Roč. XV, č. 4 (2007), s. 122  |x 1335-0226 
850 |a Slovenská národná knižnica 
852 |a Slovenská národná knižnica 
954 |a odborná, vedecká literatúra pôvodná (slovenská)  |2 lita 
958 |a article27 
958 |a OND 
958 |a EUIPO 
999 |c 2954875  |d 2956805